000 00602nam a2200241Ia 4500
003 OSt
005 20220912145745.0
006 a|||||r|||| 00| 0
007 ta
008 220909b |||||||| |||| 00| 0 eng d
024 _a75129
037 _cTextual
040 _aCSL
_beng
_cCSL
041 _aeng
082 _aL:54.2.N5, L2;1 CL
100 _aJerath Bal K
245 0 _aSynopsis of social and preventive medicine
260 _c1972
300 _ap.
_ccm.
650 _aMedicine
942 _hL:54.2.N5, L2;1 CL
_cTEXL
_2CC
999 _c37674
_d37674